000 00591pab a2200205 454500
008 180718b2013 xxu||||| |||| 00| 0 eng d
100 _aSharma, Manoj K.
245 _aRegional disparities in India's industrial development: Discriminant function approach
260 _c2013
300 _ap.692-702.
362 _aApr
650 _aDiscrimination
650 _aIndustrial development
650 _aRegional disparities - India
650 _aRegional disparities
700 _aKhosla, Rajiv
773 _aIndian Journal of Industrial Relations
908 _aN
909 _a100943
999 _c100942
_d100942